Nazwij pasujący stan USA #3 - Statystyki

Ogólne statystyki
  • Ten quiz został rozwiązany 5 razy
  • Średni wynik to 7 z 20
Statystyki odpowiedzi
Nazwij stan... Odpowiedź % Poprawnych
który graniczy dokładnie z dwoma innymi stanami 4 Floryda | Karolina Południowa | Rhode Island | Waszyngton
100%
którego najniższy punkt znajduje się powyżej 609 metrów 4 Kolorado | Nowy Meksyk | Utah | Wyoming
100%
który zaczyna się na literę, od której nie zaczyna się żaden inny stan 9 Connecticut | Floryda | Georgia | Hawaje | Luizjana | Pensylwania | Rhode Island | Utah | Vermont
75%
gdzie ponad połowa populacji żyje na wyspach 2 Hawaje | Nowy Jork
75%
gdzie średniorocznie spada ponad 140 cm opadów 4 Alabama | Hawaje | Luizjana | Missisipi
50%
którego wschodnia granica jest niemal w całości utworzona przez rzekę Missisipi 3 Arkansas | Iowa | Missouri
50%
który jest na zachód od rzeki Missisipi, ale nie ma tam parków narodowych 5 Iowa | Kansas | Luizjana | Nebraska | Oklahoma
50%
której najcenniejszą uprawą jest bawełna 3 Alabama | Georgia | Teksas
25%
który ma część lądu na tej samej szerokości geograficznej co części Wielkiej Brytanii 1 Alaska
25%
który znajduje się w zasięgu wzroku obcego państwa, z którym nie dzieli granicy lądowej 4 Alaska | Floryda | Ohio | Pensylwania
25%
który dotyka „Czterech Rogów” 4 Arizona | Kolorado | Nowy Meksyk | Utah
25%
z ziemią na Półwyspie Delmarva (załóż czapkę myśliciela!) 3 Delaware | Maryland | Wirginia
25%
który ma drużynę NBA, ale nie ma innych głównych drużyn sportowych 2 Oklahoma | Oregon
25%
gdzie większość gospodarstw domowych posiada broń (2013) 6 Alaska | Arkansas | Idaho | Montana | Wirginia Zachodnia | Wyoming
0%
którego najludniejsze miasto zaczyna się na A 3 Alaska | Georgia | Nowy Meksyk
0%
to był stan niewolniczy w 1860 roku, ale nie przyłączył się do Konfederacji 4 Delaware | Kentucky | Maryland | Missouri
0%
którego najwyższy budynek jest wyższy niż jego najwyższa góra 3 Floryda | Luizjana | Illinois
0%
którego największe miasto dzieli nazwę z największym miastem w innym stanie 4 Maine | Oregon | Karolina Południowa | Wirginia Zachodnia
0%
którego stolica kończy się na -ON 5 Massachusetts | Missisipi | New Jersey | Wirginia Zachodnia | Wisconsin
0%
których populacja wzrosła o > 250% od 1960 roku 4 Nevada | Arizona | Floryda | Utah
0%
Nie znaleziono quizów pasujących do podanych kryteriów
Rozkład punktacji
Procent ludzi z każdym wynikiem
Percentyl według liczby udzielonych odpowiedzi
Twoja historia wyników
Nie rozwiązałeś tego quizu